UBT Library

Harper dictionary of contemporary usage / (Record no. 40133)

000 -LEADER
fixed length control field 00700pam a2200229 a 4500
001 - CONTROL NUMBER
control field 2825133
005 - DATE AND TIME OF LATEST TRANSACTION
control field 20180111082905.0
008 - FIXED-LENGTH DATA ELEMENTS--GENERAL INFORMATION
fixed length control field 841015s1985 nyu bd 000 0 eng
010 ## - LIBRARY OF CONGRESS CONTROL NUMBER
LC control number 83048797
020 ## - INTERNATIONAL STANDARD BOOK NUMBER
International Standard Book Number 006181606X :
Terms of availability $22.50
040 ## - CATALOGING SOURCE
Original cataloging agency DLC
Transcribing agency DLC
Modifying agency DLC
041 ## - LANGUAGE CODE
Language code of text/sound track or separate title eng
080 ## - UNIVERSAL DECIMAL CLASSIFICATION NUMBER
Universal Decimal Classification number 423.1 MOR
082 00 - DEWEY DECIMAL CLASSIFICATION NUMBER
Classification number 423.1 MOR
Edition number 19
100 1# - Rafti
Rafti 23
101 ## - Shkurtesa
Shkurtesa FJA
245 10 - TITLE STATEMENT
Title Harper dictionary of contemporary usage /
Statement of responsibility, etc William and Mary Morris ; with the assistance of a panel of 166 distinguished consultants on usage.
504 ## - BIBLIOGRAPHY, ETC. NOTE
Bibliography, etc Bibliography: p. 639-641.
740 0# - ADDED ENTRY--UNCONTROLLED RELATED/ANALYTICAL TITLE
Uncontrolled related/analytical title Dictionary of contemporary usage.
906 ## - LOCAL DATA ELEMENT F, LDF (RLIN)
a 7
b cbc
c orignew
d 1
e ocip
f 19
g y-gencatlg
942 ## - ADDED ENTRY ELEMENTS (KOHA)
Source of classification or shelving scheme
Item type Books
Holdings
Withdrawn status Lost status Source of classification or shelving scheme Damaged status Not for loan Collection code Permanent location Current location Shelving location Date acquired Total Checkouts Full call number Barcode Date last seen Price effective from Koha item type
          Koleksioni i përgjithshem UBT - Lipjan UBT - Lipjan Koleksioni i përgjithshem 01/11/2018   423.1 MOR 002-2994945 01/11/2018 01/11/2018 Books
UBT Library © 2015-2024. All rights reserved University Education for Business and Technology